| 000 | 00783nam a2200193 a 4500 | ||
|---|---|---|---|
| 008 | 071012s1995 ||||||||||||||||| || u | ||
| 050 | _aIBRD(06)AS/1995/2 | ||
| 100 | _aWolfensohn, James D | ||
| 245 | 1 | 0 |
_aNew directions and new partnerships _cJames D. Wolfensohn |
| 260 |
_aWashington, D. C. _bWorld Bank _c1995 |
||
| 300 | _a23p. | ||
| 350 | _a0.00 | ||
| 490 | _aAddresses and statements | ||
| 500 | _aAddress to the Board of Governors Washington, D. C. , October 10, 1995. | ||
| 650 | _aPARTNERSHIPS | ||
| 650 | 0 | _aAFRICA--ECONOMIC CONDITIONS | |
| 650 | _aWORLD BANK--PRESIDENTS--ADDRESSES, ESSAYS, LECTURES | ||
| 995 |
_D0.00 _FCBU-MAIN LIBRARY (Kitwe) _H1 _I0.00 _M1 _UAVAILABLE _WOct 12, 2007 _ZInternational Publications |
||
| 999 |
_c52108 _d52108 |
||